Crazy jokes

Bibliographic Details
Format: Book
Published: Singapore : Bookworm Publishing
Series:Bookworm
Subjects:

MARC

LEADER 00000cam a2200000 7i4500
001 0000009448
002 000010290
005 20000330.0
020 |a 9813023287 
090 0 0 |a JF   |b BOO 
245 1 0 |a Crazy jokes 
260 |a Singapore :   |b Bookworm Publishing 
300 |a 76p. :   |b ill ;   |c 21c. 
490 0 |a Bookworm 
650 0 0 |a Children's stories 
999 |a 047210   |b BUKU   |c PINJAMAN   |e PERPUSTAKAAN KOMUNITI PETALING JAYA 
999 |a 050926   |b BUKU   |c PINJAMAN   |e PERPUSTAKAAN KOMUNITI PETALING JAYA 
999 |a 050927   |b BUKU   |c PINJAMAN   |e PERPUSTAKAAN KOMUNITI PETALING JAYA 
999 |a 050928   |b BUKU   |c PINJAMAN   |e PERPUSTAKAAN KOMUNITI PETALING JAYA